Care of The Newborn (Record no. 1526)

MARC details
000 -LEADER
Fixed length control field 00551nam a2200217Ia 4500
003 - CONTROL NUMBER IDENTIFIER
Control field IIN
005 - DATE AND TIME OF LATEST TRANSACTION
Control field 20250826152701.0
008 - FIXED-LENGTH DATA ELEMENTS--GENERAL INFORMATION
Fixed length control field 231217s9999 xx 000 0 und d
020 ## - INTERNATIONAL STANDARD BOOK NUMBER / ISBN
Price Rs.1350.00
International Standard Book Number 9789390709250
040 ## - CATALOGING SOURCE
Original cataloging agency IIN
Language of cataloging English
082 ## - DEWEY DECIMAL CLASSIFICATION NUMBER
Classification number 618.9201
Book Number SIN
100 1# - MAIN ENTRY--PERSONAL NAME
Personal name Singh, Meharban
245 1# - TITLE STATEMENT
Title Care of The Newborn
Statement of responsibility Meharban Singh
250 ## - EDITION STATEMENT
Edition statement 9th ed
260 ## - IMPRINT
Name of publisher CBS
Place of publication New Delhi
Date of publication 2021
300 ## - PHYSICAL DESCRIPTION
Page / Vol. No xvii,650p.
650 ## - SUBJECT ADDED ENTRY--TOPICAL TERM
Topical term Pediatric
Form subdivision Nursing
650 ## - SUBJECT ADDED ENTRY--TOPICAL TERM
Topical term Child Health
Form subdivision Nursing
650 ## - SUBJECT ADDED ENTRY--TOPICAL TERM
Topical term New Born
Form subdivision Care
942 ## - ADDED ENTRY ELEMENTS (KOHA)
Koha item type Books
Holdings
Withdrawn status Lost status Damaged status Not for loan Collection code Home library Current library Date acquired Price Total Checkouts Call number Accession number Date last seen Price effective from Koha item type Date checked out Source of classification Shelving location
          IDEAL INSTITUTE OF NURSING IDEAL INSTITUTE OF NURSING 17/12/2023 1350.00   618.9201 SIN 1520 17/12/2023 17/12/2023 Books      
          IDEAL INSTITUTE OF NURSING IDEAL INSTITUTE OF NURSING 17/12/2023 1350.00 1 618.9201 SIN 1521 11/01/2024 17/12/2023 Books 10/01/2024    
        Purches Book IDEAL INSTITUTE OF NURSING IDEAL INSTITUTE OF NURSING 04/04/2024 1350.00   618.9201 SIN 1664 15/06/2024 15/06/2024 Books   Dewey Decimal Classification  
        Purches Book IDEAL INSTITUTE OF NURSING IDEAL INSTITUTE OF NURSING 11/04/2025 1695.00   618.9201 SIN 2123 26/08/2025 26/08/2025 Books   Dewey Decimal Classification General Stacks
© Ideal Institute Of Nursing, All rights reserved.         Powered by Koha